The return of the native (Record no. 4364)
[ view plain ]
| 000 -LEADER | |
|---|---|
| fixed length control field | 00522cam a2200193ua 4500 |
| 001 - CONTROL NUMBER | |
| control field | 5186 |
| 005 - DATE AND TIME OF LATEST TRANSACTION | |
| control field | 20260515113838.0 |
| 008 - FIXED-LENGTH DATA ELEMENTS--GENERAL INFORMATION | |
| fixed length control field | 120303n ii |||gr||||Z||||||eng |
| 020 ## - INTERNATIONAL STANDARD BOOK NUMBER | |
| International Standard Book Number | 81-85944-81-4 |
| 040 ## - CATALOGING SOURCE | |
| Transcribing agency | MAIN |
| 100 ## - MAIN ENTRY--PERSONAL NAME | |
| Personal name | Hardy, Thomas, |
| Relator term | Author, |
| 245 11 - TITLE STATEMENT | |
| Title | The return of the native |
| Statement of responsibility, etc. | by Thomas Hardy |
| 250 ## - EDITION STATEMENT | |
| Edition statement | 1st. |
| 260 ## - PUBLICATION, DISTRIBUTION, ETC. | |
| Place of publication, distribution, etc. | New Delhi: |
| Name of publisher, distributor, etc. | UBS publishers distributors ltd., |
| Date of publication, distribution, etc. | 1994. |
| 300 ## - PHYSICAL DESCRIPTION | |
| Extent | 488p: |
| Dimensions | 15cm. |
| 700 ## - ADDED ENTRY--PERSONAL NAME | |
| Personal name | Bhatnagar, R. P., |
| Relator term | Editor, |
| 700 ## - ADDED ENTRY--PERSONAL NAME | |
| Personal name | Bhargava, Rajul, |
| Relator term | Editor, |
| 942 ## - ADDED ENTRY ELEMENTS (KOHA) | |
| Koha item type | Books |
| Withdrawn status | Lost status | Damaged status | Not for loan | Home library | Current library | Shelving location | Date acquired | Total checkouts | Full call number | Barcode | Date last seen | Copy number | Price effective from | Koha item type |
|---|---|---|---|---|---|---|---|---|---|---|---|---|---|---|
| Naharkatiya College Library | Naharkatiya College Library | General stacks | 09/19/2020 | HAR | 4538 | 09/19/2020 | 1 | 09/19/2020 | Books |